000 00784nam a2200217 i 4500
001 76045
003 ES-MaACL
005 20230906172712.0
007 t|
008 040929s1927 sp ||||1| spa d
080 _a553.07(460:234.1 Cartagena)
100 1 _aGuardiola Díez, Ricardo.
_960326
245 1 0 _aEstudio metalogénico de la Sierra de Cartagena /
_cpor Ricardo Guardiola.
260 _aMadrid :
_bInstituto Geológico y Minero de España,
_c1927 (
_fL. Coullant)
300 _a562 p., XV h. de lám.pleg. :
_bil. ;
_c25 cm.
490 1 _aMemorias del Instituto Geológico de España
650 4 _aMetalogenia-
_zSierra de Cartagena.
_9142470
830 0 _aMemorias del Instituto Geológico de España
_9182220
852 _aES-MaACL
_jB-13101
999 _c76045
_d76045